Teología del nuevo testamento / [por] Max Meinertiz (Dr.)

محفوظ في:
التفاصيل البيبلوغرافية
المؤلف الرئيسي: Meinertiz, Max (Dr.) (autor)
التنسيق: كتاب
الموضوعات:
الوسوم: إضافة وسم
لا توجد وسوم, كن أول من يضع وسما على هذه التسجيلة!

MARC

LEADER 00000nam^a2200000^u^4500
001 000541134
005 20250521000000.0
008 060220s1000^^^^^^^^^^^^r^^^^^000^0^spa^d
009 20260310131218.974
035 |a FMI 000009325 
037 |a Acervo Xavier Clavigero 
096 |a 1.4/2/D 
100 |a Meinertiz, Max (Dr.)  |e (autor) 
245 1 0 |a Teología del nuevo testamento / [por] Max Meinertiz (Dr.) 
264 |a Madrid : Fax, 1963 
300 |a XX-658 p. 
336 |a texto  |b txt  |2 rdacontenido 
337 |a sin mediación  |b n  |2 rdamedio 
338 |a volumen  |b nc  |2 rdasoporte 
597 |a Trad. del alemán ("Theologie des neuen testamentes") por Constantino Ruiz-Garrdo 
649 |a XX 
650 |a Teología Bíblica 
910 |a Fondo Francisco Migoya Covarrubias S.J. 
920 |a Impresos - Libros 
930 |a Fondos Especiales 
905 |a 134 
901 |a SBC09224  |b IT2  |c ESP  |u 20250521 
902 |a https://opac.biblio.iteso.mx/vufind/Record/000541134